[Event "36th Teams Ch-GR"]
[Site "Kallithea Halkidiki"]
[Date "2008.07.07"]
[Round "2.8"]
[White "Macieja, Bartlomiej"]
[Black "Willemze, Thomas"]
[Result "1/2-1/2"]
[WhiteElo "2606"]
[BlackElo "2398"]
[PlyCount "80"]
[EventDate "2008.07.06"]
[WhiteTeam "PS PERISTERIOU"]
[BlackTeam "SO KALLITHEAS"]

1. c4 Nf6 2. Nf3 e6 3. g3 b6 4. Bg2 Bb7 5. d4 Bb4+ 6. Bd2 Qe7 7. O-O Bxd2 8.
Qxd2 d6 9. Nc3 Ne4 10. Nxe4 Bxe4 11. d5 e5 12. Ne1 Bxg2 13. Kxg2 O-O 14. Nd3
Nd7 15. Nb4 a5 16. Nc6 Qe8 17. e4 Nb8 18. Nxb8 Rxb8 19. Rae1 Qa4 20. b3 Qb4 21.
Qxb4 axb4 22. f4 Ra8 23. fxe5 Rxa2+ 24. Rf2 Rxf2+ 25. Kxf2 dxe5 26. Ra1 Rc8 27.
Ra4 Kf8 28. Rxb4 Ra8 29. Ra4 Rxa4 30. bxa4 c5 31. g4 f6 32. Kg3 h6 33. h4 g5
34. h5 Ke7 35. Kf2 Kd6 36. Ke2 Kd7 37. Ke3 Kd6 38. Kd3 Ke7 39. Kc3 Kd6 40. Kb3
Ke7 1/2-1/2

[Event "36th Teams Ch-GR"]
[Site "Kallithea Halkidiki"]
[Date "2008.07.07"]
[Round "2.8"]
[White "Gesos, Pavlos"]
[Black "Tzermiadianos, Andreas"]
[Result "1/2-1/2"]
[WhiteElo "2321"]
[BlackElo "2455"]
[PlyCount "54"]
[EventDate "2008.07.06"]
[WhiteTeam "SO KALLITHEAS"]
[BlackTeam "PS PERISTERIOU"]

1. Nf3 Nf6 2. g3 g6 3. Bg2 Bg7 4. O-O O-O 5. d4 d5 6. c4 dxc4 7. Ne5 Ne8 8. Na3
c5 9. Be3 Nd6 10. dxc5 Nf5 11. Qxd8 Rxd8 12. Naxc4 Nxe3 13. fxe3 f6 14. Rad1
Rf8 15. c6 bxc6 16. Nxc6 Nxc6 17. Bxc6 Rb8 18. Bd7 Rb7 19. Bxc8 Rxc8 20. b3 f5
21. Rd5 Bc3 22. Rfd1 Kg7 23. R1d3 Bb4 24. Rd7 Rcc7 25. Rxc7 Rxc7 26. a3 Bc5 27.
b4 Bxb4 1/2-1/2

[Event "36th Teams Ch-GR"]
[Site "Kallithea Halkidiki"]
[Date "2008.07.07"]
[Round "2.8"]
[White "Mihailidis, Anastacios"]
[Black "Hrisanthopoulos, Dimitrios"]
[Result "1-0"]
[WhiteElo "2265"]
[BlackElo "2175"]
[PlyCount "67"]
[EventDate "2008.07.06"]
[WhiteTeam "PS PERISTERIOU"]
[BlackTeam "SO KALLITHEAS"]

1. e4 c5 2. Nf3 a6 3. c3 e6 4. d4 cxd4 5. cxd4 d5 6. e5 Nc6 7. Nc3 b5 8. Bd3
Be7 9. O-O Qb6 10. Be3 f6 11. Qe2 f5 12. Rfc1 g6 13. Qd1 Bd7 14. a4 b4 15. a5
Nxa5 16. Na4 Qd8 17. Nc5 Bxc5 18. dxc5 Nc6 19. Bxa6 h6 20. Bb7 Rb8 21. Bxc6
Bxc6 22. Nd4 Qd7 23. Ra7 Qxa7 24. Nxc6 Qa8 25. Nxb8 Qxb8 26. Qa4+ Kf7 27. c6
Ne7 28. c7 Qb7 29. Qd7 Qc8 30. Qb5 g5 31. Bd2 Qa8 32. Bxb4 Re8 33. Bxe7 Kxe7
34. Qxe8+ 1-0

[Event "36th Teams Ch-GR"]
[Site "Kallithea Halkidiki"]
[Date "2008.07.07"]
[Round "2.8"]
[White "Nikomanis, Andreas"]
[Black "Hristidis, Savas"]
[Result "1/2-1/2"]
[WhiteElo "1984"]
[BlackElo "1797"]
[PlyCount "47"]
[EventDate "2008.07.06"]
[WhiteTeam "PS PERISTERIOU"]
[BlackTeam "SO KALLITHEAS"]

1. e4 c5 2. Nf3 Nc6 3. d4 cxd4 4. Nxd4 Nf6 5. Nc3 e5 6. Ndb5 d6 7. Nd5 Nxd5 8.
exd5 Nb8 9. c4 a6 10. Nc3 Nd7 11. Be2 Be7 12. O-O O-O 13. Kh1 f5 14. f4 e4 15.
Be3 Bf6 16. g4 Bxc3 17. bxc3 Nc5 18. gxf5 Bxf5 19. Qe1 Rc8 20. Rb1 Qe7 21. Rg1
Nd3 22. Qg3 Rxc4 23. Rb6 Rf6 24. Qg5 1/2-1/2

[Event "36th Teams Ch-GR"]
[Site "Kallithea Halkidiki"]
[Date "2008.07.07"]
[Round "2.9"]
[White "Koukoufikis, Alexandros"]
[Black "Festas, Georgios"]
[Result "1/2-1/2"]
[WhiteElo "2252"]
[BlackElo "2172"]
[PlyCount "91"]
[EventDate "2008.07.06"]
[WhiteTeam "SO IKARIAS I. TZELEPIS"]
[BlackTeam "SO ILIOUPOLIS"]

1. e4 d5 2. exd5 Qxd5 3. Nc3 Qa5 4. d4 c6 5. Bc4 Bf5 6. Nge2 e6 7. O-O Nd7 8.
Ng3 Bg6 9. Qe2 Ne7 10. Bf4 Nf6 11. Nge4 Nxe4 12. Nxe4 Bxe4 13. Qxe4 Qf5 14. f3
Qxe4 15. fxe4 Rd8 16. Rad1 Ng6 17. Bg3 Bd6 18. d5 Bxg3 19. hxg3 Ke7 20. b4 Ne5
21. Bb3 b5 22. Rd4 a5 23. a3 a4 24. Ba2 Rd6 25. c4 bxc4 26. Bxc4 Rc8 27. Ba6
Rc7 28. Rc1 Ra7 29. b5 cxb5 30. Bxb5 Rb6 31. Bxa4 Rba6 32. Bb5 Rxa3 33. Rd2 Ra1
34. Rxa1 Rxa1+ 35. Kf2 Ra3 36. d6+ Kd8 37. Be2 Rb3 38. Ra2 Kd7 39. Ra6 Rb2 40.
Ke3 Rb3+ 41. Kd4 Nc6+ 42. Kc5 Rc3+ 43. Bc4 Ne5 44. Ra7+ Kd8 45. Ra8+ Kd7 46.
Ra7+ 1/2-1/2

[Event "36th Teams Ch-GR"]
[Site "Kallithea Halkidiki"]
[Date "2008.07.07"]
[Round "2.9"]
[White "Skalkotas, Nikolaos"]
[Black "Koukoufikis, Georgios"]
[Result "0-1"]
[WhiteElo "2273"]
[BlackElo "2224"]
[PlyCount "86"]
[EventDate "2008.07.06"]
[WhiteTeam "SO ILIOUPOLIS"]
[BlackTeam "SO IKARIAS I. TZELEPIS"]

1. c4 g6 2. e4 Bg7 3. d4 d6 4. Nc3 Nf6 5. f3 c6 6. Be3 Nbd7 7. Qd2 e5 8. d5
cxd5 9. cxd5 O-O 10. g4 a5 11. Nge2 h5 12. h3 Nc5 13. O-O-O Bd7 14. Kb1 b5 15.
Nc1 b4 16. N3e2 Qc7 17. Rg1 Rfc8 18. Ng3 h4 19. Nh1 Nfxe4 20. fxe4 Nxe4 21. Qe1
Nc3+ 22. Ka1 Nxd1 23. Qxd1 Ba4 24. Qd2 e4 25. Rg2 Qe7 26. Kb1 Qe5 27. Nb3 Bxb3
28. axb3 a4 29. Bf4 Qe8 30. Qxb4 a3 31. Bb5 axb2 32. Rxb2 Qd8 33. Qxd6 Qa5 34.
Ba4 Qe1+ 35. Ka2 Bxb2 36. Kxb2 Rxa4 37. bxa4 Qc3+ 38. Ka2 Qc2+ 39. Ka3 Qc3+ 40.
Ka2 Qc4+ 41. Ka3 Qd3+ 42. Kb4 Qc3+ 43. Kb5 Qb3+ 0-1

[Event "36th Teams Ch-GR"]
[Site "Kallithea Halkidiki"]
[Date "2008.07.07"]
[Round "2.9"]
[White "Siempos, Konstantinos"]
[Black "Gogolis, Alexandros"]
[Result "0-1"]
[WhiteElo "1975"]
[BlackElo "2283"]
[PlyCount "54"]
[EventDate "2008.07.06"]
[WhiteTeam "SO IKARIAS I. TZELEPIS"]
[BlackTeam "SO ILIOUPOLIS"]

1. e4 d5 2. exd5 Qxd5 3. Nc3 Qa5 4. d4 c6 5. Bc4 Bf5 6. Bd2 Nf6 7. Qe2 Qc7 8.
O-O-O e6 9. h3 Bd6 10. g3 Nbd7 11. f4 O-O-O 12. Nf3 Nb6 13. Bb3 Nbd5 14. Nxd5
exd5 15. Ne5 Ne4 16. Be1 f6 17. Nd3 h5 18. Qf3 Qd7 19. Qg2 Rhe8 20. Kb1 Bc7 21.
Ka1 Bb6 22. c3 Re7 23. Nf2 Nxf2 24. Qxf2 Rde8 25. Rd2 Bxh3 26. Bd1 Bg4 27. Bxg4
Qxg4 0-1

[Event "36th Teams Ch-GR"]
[Site "Kallithea Halkidiki"]
[Date "2008.07.07"]
[Round "2.9"]
[White "Ignatiadis, Konstantinos"]
[Black "Vazouras, Theodoros"]
[Result "1-0"]
[WhiteElo "2271"]
[BlackElo "1912"]
[PlyCount "65"]
[EventDate "2008.07.06"]
[WhiteTeam "SO ILIOUPOLIS"]
[BlackTeam "SO IKARIAS I. TZELEPIS"]

1. d4 Nf6 2. Bg5 h6 3. Bxf6 exf6 4. e3 g6 5. Bd3 f5 6. Ne2 Bg7 7. Nd2 d6 8. O-O
Nd7 9. c3 Nf6 10. b4 O-O 11. Nb3 Ng4 12. h3 Nf6 13. c4 Nh5 14. c5 Qh4 15. Nd2
f4 16. Nf3 Qf6 17. e4 g5 18. e5 Qd8 19. cxd6 cxd6 20. Bc2 g4 21. hxg4 Bxg4 22.
Qd3 Re8 23. Rad1 d5 24. Nh2 Be6 25. g4 Qg5 26. Qh3 Rec8 27. Bd3 Nf6 28. exf6
Bxf6 29. Kh1 Rc7 30. Qf3 Rac8 31. Qxf4 Qxf4 32. Nxf4 Bxd4 33. Bf5 1-0

[Event "36th Teams Ch-GR"]
[Site "Kallithea Halkidiki"]
[Date "2008.07.07"]
[Round "2.9"]
[White "Kapagiannidis, Dimitrios"]
[Black "Papageorgiou, Dimitrios"]
[Result "1/2-1/2"]
[WhiteElo "1909"]
[BlackElo "1855"]
[PlyCount "110"]
[EventDate "2008.07.06"]
[WhiteTeam "SO IKARIAS I. TZELEPIS"]
[BlackTeam "SO ILIOUPOLIS"]

1. e4 d5 2. exd5 Qxd5 3. Nc3 Qa5 4. Nf3 Nf6 5. g3 Bg4 6. Bg2 Nbd7 7. h3 Bh5 8.
d3 c6 9. Qe2 e6 10. Bd2 Bb4 11. a3 Nd5 12. Nxd5 Bxd2+ 13. Qxd2 Qxd2+ 14. Kxd2
cxd5 15. Rhe1 Bxf3 16. Bxf3 O-O 17. Bg2 Rfe8 18. f4 g6 19. Re2 Rab8 20. Rae1
Kf8 21. g4 Nf6 22. d4 a5 23. c3 b5 24. Kd3 b4 25. axb4 axb4 26. Ra1 bxc3 27.
bxc3 Rb3 28. Rea2 Rc8 29. Ra3 Rb2 30. R1a2 Rcb8 31. Bf3 Rb1 32. Ra1 Kg7 33.
R3a2 R8b3 34. Kc2 Rxa1 35. Rxa1 Rb6 36. Ra4 h5 37. g5 Nd7 38. c4 dxc4 39. Rxc4
Rd6 40. Kc3 Nb6 41. Rc6 Nd5+ 42. Bxd5 Rxd5 43. Rc5 Rd6 44. Kd3 Ra6 45. Rc3 Ra1
46. Ke4 Re1+ 47. Re3 Rxe3+ 48. Kxe3 f5 49. Kd3 Kf7 50. Kc4 Ke7 51. Kc5 Kd7 52.
d5 exd5 53. Kxd5 Ke7 54. Ke5 h4 55. Kd5 Kd7 1/2-1/2

[Event "36th Teams Ch-GR"]
[Site "Kallithea Halkidiki"]
[Date "2008.07.07"]
[Round "2.10"]
[White "Stavrianakis, Ioannis"]
[Black "Katsiris, Ioannis"]
[Result "1/2-1/2"]
[WhiteElo "2176"]
[BlackElo "2136"]
[PlyCount "87"]
[EventDate "2008.07.06"]
[WhiteTeam "SO HERAKLIOU"]
[BlackTeam "EES KORYDALLOU"]

1. d4 Nf6 2. c4 e5 3. dxe5 Ng4 4. Bf4 Nc6 5. Nf3 Bb4+ 6. Nbd2 Qe7 7. e3 Ngxe5
8. Nxe5 Nxe5 9. Be2 a5 10. O-O O-O 11. Nb3 a4 12. Nd4 d6 13. Nc2 Bc5 14. b4
axb3 15. axb3 Bf5 16. Qd2 Ng6 17. Bg3 Nh4 18. b4 Bb6 19. Rxa8 Rxa8 20. Ra1
Rxa1+ 21. Nxa1 Be4 22. Bf1 Nf5 23. Nb3 h5 24. c5 Nxg3 25. cxd6 Qxd6 26. Qxd6
cxd6 27. hxg3 Kf8 28. Be2 g6 29. Nd2 Bd5 30. Bf3 Bxf3 31. Nxf3 Ke7 32. Kf1 f6
33. Ke2 d5 34. Kd3 g5 35. Nd2 Kd6 36. f3 f5 37. e4 dxe4+ 38. fxe4 Ke6 39. Nf3
fxe4+ 40. Kxe4 Kf6 41. g4 hxg4 42. Ne5 Bd8 43. Nxg4+ Ke6 44. Ne5 1/2-1/2

[Event "36th Teams Ch-GR"]
[Site "Kallithea Halkidiki"]
[Date "2008.07.07"]
[Round "3.1"]
[White "Kotronias, Vasilios"]
[Black "Mastrovasilis, Dimitrios"]
[Result "1/2-1/2"]
[WhiteElo "2574"]
[BlackElo "2563"]
[PlyCount "75"]
[EventDate "2008.07.06"]
[WhiteTeam "SO KAVALAS"]
[BlackTeam "ES THESSALONIKIS"]

1. e4 e5 2. Nf3 Nc6 3. Bb5 a6 4. Ba4 Nf6 5. O-O Be7 6. Re1 d6 7. Bxc6+ bxc6 8.
d4 exd4 9. Nxd4 Bd7 10. Nc3 O-O 11. h3 Re8 12. Bf4 g6 13. Qd3 Nh5 14. Bh2 Qb8
15. Rab1 Ng7 16. Kh1 Qb7 17. b4 Ne6 18. e5 d5 19. Nce2 a5 20. a3 Qa6 21. Qc3 c5
22. bxc5 Nxc5 23. Nf4 Ne4 24. Qe3 Qc4 25. f3 Ng5 26. Qd3 Qxd3 27. cxd3 Ne6 28.
Nfxe6 Bxe6 29. Ra1 c5 30. Nb5 Rec8 31. Rec1 c4 32. Nd6 Rc6 33. Rab1 Rd8 34. Rb5
f6 35. Nb7 Rdc8 36. dxc4 Rxc4 37. Rg1 fxe5 38. Bxe5 1/2-1/2

[Event "36th Teams Ch-GR"]
[Site "Kallithea Halkidiki"]
[Date "2008.07.07"]
[Round "3.1"]
[White "Halkias, Stelios"]
[Black "Mastrovasilis, Athanasios"]
[Result "1/2-1/2"]
[WhiteElo "2579"]
[BlackElo "2518"]
[PlyCount "109"]
[EventDate "2008.07.06"]
[WhiteTeam "SO KAVALAS"]
[BlackTeam "ES THESSALONIKIS"]

1. d4 d5 2. c4 e6 3. Nf3 Nf6 4. Nc3 c5 5. cxd5 Nxd5 6. g3 cxd4 7. Nxd5 Qxd5 8.
Qxd4 Qb5 9. e4 Qb4+ 10. Bd2 Nc6 11. Qxb4 Bxb4 12. Bb5 Bxd2+ 13. Kxd2 Bd7 14.
Rhc1 Ke7 15. Rc3 Rhc8 16. Rac1 f6 17. Bxc6 Rxc6 18. Rxc6 Bxc6 19. Nd4 Bd7 20.
f4 e5 21. fxe5 fxe5 22. Nf3 Bc6 23. Ke3 Kd6 24. Rd1+ Ke6 25. Ng5+ Ke7 26. Rf1
h6 27. Rf7+ Kd6 28. Nf3 Rg8 29. Nh4 Ke6 30. Rc7 Kf6 31. Nf5 Rd8 32. Rxg7 Rd1
33. Rh7 Re1+ 34. Kf2 Rxe4 35. Nd6 Kg6 36. Nxe4 Kxh7 37. Ke3 Kg6 38. g4 Bxe4 39.
Kxe4 Kg5 40. h3 Kh4 41. Kxe5 Kxh3 42. Kf5 Kg3 43. g5 hxg5 44. Kxg5 Kf3 45. Kf5
Ke3 46. Ke5 Kd3 47. Kd6 Kc2 48. b4 Kc3 49. b5 Kb4 50. b6 axb6 51. Kc7 b5 52.
Kxb7 Ka3 53. Kb6 b4 54. Kb5 Kxa2 55. Kxb4 1/2-1/2

[Event "36th Teams Ch-GR"]
[Site "Kallithea Halkidiki"]
[Date "2008.07.07"]
[Round "3.1"]
[White "Zakarian, David"]
[Black "Skembris, Spyridon"]
[Result "1/2-1/2"]
[WhiteElo "2346"]
[BlackElo "2415"]
[PlyCount "90"]
[EventDate "2008.07.06"]
[WhiteTeam "ES THESSALONIKIS"]
[BlackTeam "SO KAVALAS"]

1. e4 c5 2. Nf3 Nc6 3. Bb5 g6 4. O-O Bg7 5. c3 Nf6 6. Re1 O-O 7. h3 Qb6 8. Bc4
Ne8 9. a3 d6 10. d3 Nc7 11. Nbd2 Be6 12. Rb1 d5 13. exd5 Bxd5 14. Qa4 Rad8 15.
Ne4 Bxe4 16. dxe4 Bxc3 17. Rf1 Ne5 18. Nxe5 Bxe5 19. Bh6 Bg7 20. Bg5 Bf6 21.
Bxf6 Qxf6 22. Qxa7 Qc6 23. b4 b5 24. Bd5 Nxd5 25. exd5 Rxd5 26. bxc5 Rg5 27. g3
Rxc5 28. Qxe7 Re8 29. Qh4 Rh5 30. Rbc1 Qf3 31. Qg4 Qxa3 32. Rfe1 Rhe5 33. Red1
h5 34. Qd4 Qf3 35. h4 Re4 36. Qb6 b4 37. Rb1 Kh7 38. Rf1 Rxh4 39. gxh4 Qg4+ 40.
Kh2 Qxh4+ 41. Kg2 Qg4+ 42. Kh2 Qf4+ 43. Kg2 Qg5+ 44. Kh2 Qh4+ 45. Kg2 Qg4+
1/2-1/2

[Event "36th Teams Ch-GR"]
[Site "Kallithea Halkidiki"]
[Date "2008.07.07"]
[Round "3.1"]
[White "Botsari, Anna-Maria"]
[Black "Pambalou, Fotini"]
[Result "1-0"]
[WhiteElo "2321"]
[BlackElo "2147"]
[PlyCount "77"]
[EventDate "2008.07.06"]
[WhiteTeam "SO KAVALAS"]
[BlackTeam "ES THESSALONIKIS"]

1. d4 d5 2. c4 e6 3. Nc3 Nf6 4. Bg5 Be7 5. e3 O-O 6. Nf3 h6 7. Bh4 Ne4 8. Bg3
Nxc3 9. bxc3 c5 10. cxd5 exd5 11. dxc5 Qa5 12. Qd2 Bf6 13. Rc1 Qxc5 14. Nd4 Nc6
15. Bd3 Bd7 16. O-O Rac8 17. Nb3 Qe7 18. c4 Nb4 19. Bb1 d4 20. exd4 Rfd8 21.
Rfe1 Be6 22. d5 Qf8 23. a3 Nxd5 24. cxd5 Rxd5 25. Rxc8 Qxc8 26. Qc2 Qd8 27.
Qh7+ Kf8 28. Qh8+ Ke7 29. Qxd8+ Kxd8 30. Bc2 Rb5 31. Rd1+ Kc8 32. Nd4 Bxd4 33.
Rxd4 Rc5 34. Bd1 Rc1 35. Kf1 b5 36. Ke1 Bb3 37. Rd3 Rxd1+ 38. Rxd1 Bxd1 39.
Kxd1 1-0

[Event "36th Teams Ch-GR"]
[Site "Kallithea Halkidiki"]
[Date "2008.07.07"]
[Round "3.1"]
[White "Hatziathanasiou, Stella"]
[Black "Nemcova, Katerina"]
[Result "0-1"]
[WhiteElo "1726"]
[BlackElo "2372"]
[PlyCount "82"]
[EventDate "2008.07.06"]
[WhiteTeam "ES THESSALONIKIS"]
[BlackTeam "SO KAVALAS"]

1. c4 Nf6 2. Nc3 g6 3. Nf3 Bg7 4. d4 O-O 5. g3 d6 6. Bg2 c6 7. O-O Qa5 8. e4 e5
9. d5 cxd5 10. cxd5 b5 11. Nd2 b4 12. Nb3 Qc7 13. Ne2 a5 14. Be3 Ba6 15. Rc1
Qd7 16. Nd2 Rc8 17. Re1 Rxc1 18. Qxc1 Qe7 19. h3 Bb5 20. Qc8+ Ne8 21. Qc2 Qb7
22. f4 Nd7 23. a4 Rc8 24. Qb3 Ba6 25. Bf3 Nc5 26. Bxc5 Rxc5 27. Rc1 Rxc1+ 28.
Nxc1 exf4 29. gxf4 Qc8 30. Ne2 Qxh3 31. Qe3 Bxe2 32. e5 Qg3+ 33. Kh1 Bxf3+ 34.
Nxf3 dxe5 35. fxe5 Bxe5 36. Qxe5 Qxf3+ 37. Kg1 Qg4+ 38. Kf2 Qf5+ 39. Qxf5 gxf5
40. Kf3 h5 41. Kg3 Kf8 0-1

[Event "36th Teams Ch-GR"]
[Site "Kallithea Halkidiki"]
[Date "2008.07.07"]
[Round "3.2"]
[White "Jobava, Baadur"]
[Black "Gavrilakis, Nikolaos"]
[Result "1-0"]
[WhiteElo "2665"]
[BlackElo "2429"]
[PlyCount "77"]
[EventDate "2008.07.06"]
[WhiteTeam "AO KYDON CHANION"]
[BlackTeam "SAS KOROPIOU"]

1. e4 e5 2. Nf3 Nc6 3. Bb5 a6 4. Ba4 Nf6 5. O-O b5 6. Bb3 Bc5 7. c3 d6 8. d4
Bb6 9. Be3 O-O 10. Nbd2 Bb7 11. Re1 h6 12. h3 exd4 13. cxd4 Na5 14. Bc2 c5 15.
d5 Re8 16. b3 Bc8 17. Bf4 Nb7 18. Nf1 Nd7 19. a4 bxa4 20. Rxa4 Ba5 21. Re2 Ne5
22. Nxe5 dxe5 23. Bd2 Bxd2 24. Rxd2 Bd7 25. Ra1 Nd6 26. Bd3 Bb5 27. Rda2 Rb8
28. Ne3 Qh4 29. Nc4 Nxe4 30. g3 Nxg3 31. fxg3 Qxg3+ 32. Rg2 Qxh3 33. Bf1 Qc3
34. Nd6 Red8 35. Nf5 g6 36. Rc1 Qb4 37. Bxb5 Kh7 38. Rc4 Qxb5 39. Qd2 1-0

[Event "36th Teams Ch-GR"]
[Site "Kallithea Halkidiki"]
[Date "2008.07.07"]
[Round "3.2"]
[White "Nikolaidis, Ioannis"]
[Black "Khetsuriani, Besarion"]
[Result "1-0"]
[WhiteElo "2516"]
[BlackElo "2350"]
[PlyCount "69"]
[EventDate "2008.07.06"]
[WhiteTeam "AO KYDON CHANION"]
[BlackTeam "SAS KOROPIOU"]

1. Nf3 Nf6 2. c4 e6 3. Nc3 c5 4. g3 b6 5. Bg2 Bb7 6. O-O Nc6 7. b3 Be7 8. Bb2
O-O 9. e3 a6 10. d4 cxd4 11. exd4 d5 12. cxd5 Nxd5 13. Nxd5 exd5 14. Ne5 Rc8
15. Qd2 Qd6 16. Rac1 Na7 17. Bh3 Rxc1 18. Rxc1 Bc8 19. Bf1 Bb7 20. Qf4 Bd8 21.
h4 Nc8 22. Bh3 Ne7 23. Nd3 Qxf4 24. Nxf4 Ng6 25. Nd3 h5 26. Ba3 Be7 27. Bxe7
Nxe7 28. Rc7 Bc8 29. Bxc8 Nxc8 30. Nb4 Nd6 31. Nxd5 Nf5 32. Rd7 Re8 33. Nxb6
Re2 34. d5 Rxa2 35. d6 1-0

[Event "36th Teams Ch-GR"]
[Site "Kallithea Halkidiki"]
[Date "2008.07.07"]
[Round "3.2"]
[White "Delithanasis, Dimitrios"]
[Black "Souleidis, Georgios"]
[Result "0-1"]
[WhiteElo "2228"]
[BlackElo "2431"]
[PlyCount "66"]
[EventDate "2008.07.06"]
[WhiteTeam "SAS KOROPIOU"]
[BlackTeam "AO KYDON CHANION"]

1. Nf3 Nf6 2. c4 g6 3. Nc3 Bg7 4. e4 d6 5. d4 O-O 6. Be2 Na6 7. O-O e5 8. Be3
Ng4 9. Bg5 Qe8 10. h3 f6 11. Bd2 Nh6 12. dxe5 dxe5 13. c5 c6 14. b4 Nc7 15. a4
Ne6 16. Qb3 Nf7 17. Be3 f5 18. exf5 gxf5 19. Rad1 Kh8 20. Bc4 f4 21. Bc1 Nfg5
22. Nxg5 Nxg5 23. h4 Ne6 24. Ne4 Nd4 25. Rxd4 exd4 26. Ng5 Qh5 27. g3 fxg3 28.
fxg3 Rxf1+ 29. Kxf1 h6 30. Be2 Bg4 31. Nf7+ Kh7 32. Bd3+ Bf5 33. Bf4 Qf3+ 0-1

[Event "36th Teams Ch-GR"]
[Site "Kallithea Halkidiki"]
[Date "2008.07.07"]
[Round "3.2"]
[White "Sandalakis, Angelos"]
[Black "Andronis, Vasilios"]
[Result "1-0"]
[WhiteElo "2341"]
[BlackElo "2084"]
[PlyCount "41"]
[EventDate "2008.07.06"]
[WhiteTeam "AO KYDON CHANION"]
[BlackTeam "SAS KOROPIOU"]

1. e4 d5 2. exd5 Qxd5 3. Nc3 Qa5 4. Bc4 c6 5. d3 Bf5 6. Nf3 Nf6 7. Bd2 e6 8.
Qe2 Nbd7 9. O-O-O Bb4 10. a3 Bxc3 11. Bxc3 Qc7 12. Ne5 O-O 13. g4 b5 14. gxf5
bxc4 15. Nxd7 Nxd7 16. Qg4 e5 17. Rhg1 g6 18. dxc4 Rad8 19. Qh4 Kg7 20. Bd2 Rg8
21. Bh6+ 1-0

[Event "36th Teams Ch-GR"]
[Site "Kallithea Halkidiki"]
[Date "2008.07.07"]
[Round "3.3"]
[White "Ivanisevic, Ivan"]
[Black "Managadze, Nikoloz"]
[Result "1-0"]
[WhiteElo "2664"]
[BlackElo "2444"]
[PlyCount "67"]
[EventDate "2008.07.06"]
[WhiteTeam "SO POLICHNIS"]
[BlackTeam "FO N. HERAKLIOU ATTIKIS"]

1. d4 d6 2. c4 g6 3. e4 Bg7 4. Nf3 c6 5. h3 Nf6 6. Nc3 O-O 7. Bg5 a6 8. Bd3 b5
9. e5 Ne8 10. O-O Nd7 11. exd6 Nxd6 12. c5 Ne8 13. Re1 Nef6 14. Qd2 Re8 15. a4
b4 16. Ne4 a5 17. Bc4 Ba6 18. Bb3 Qc8 19. Ng3 Ra7 20. Qf4 e6 21. Qh4 Bd3 22.
Rad1 Bf5 23. Bh6 Nd5 24. Nxf5 exf5 25. Rxe8+ Qxe8 26. Bxg7 Kxg7 27. Re1 Qb8 28.
Bxd5 cxd5 29. Ne5 Nxe5 30. Rxe5 Rd7 31. Qg3 h6 32. c6 Rd8 33. Rxd5 Qb6 34. Qe5+
1-0

[Event "36th Teams Ch-GR"]
[Site "Kallithea Halkidiki"]
[Date "2008.07.07"]
[Round "3.3"]
[White "Tassopoulos, Marios"]
[Black "Likavsky, Tomas"]
[Result "0-1"]
[WhiteElo "2271"]
[BlackElo "2485"]
[PlyCount "116"]
[EventDate "2008.07.06"]
[WhiteTeam "FO N. HERAKLIOU ATTIKIS"]
[BlackTeam "SO POLICHNIS"]

1. e4 c5 2. c3 d5 3. exd5 Qxd5 4. d4 Nf6 5. Nf3 e6 6. Na3 Nc6 7. Nb5 Qd8 8.
dxc5 Bxc5 9. Qxd8+ Kxd8 10. Bf4 Ne4 11. Bg3 Nxg3 12. hxg3 Ke7 13. Rd1 a6 14.
Nbd4 Nxd4 15. Nxd4 Bd7 16. Be2 Rac8 17. Bf3 Rc7 18. Rd2 g6 19. Nb3 Bb6 20. g4
a5 21. Nd4 Kf6 22. Be2 Be8 23. Nb5 Rc5 24. Nd4 h6 25. Bf3 Rc7 26. Be2 Rd7 27.
Nf3 Rxd2 28. Nxd2 Bc7 29. g3 b6 30. Nf3 e5 31. g5+ Kg7 32. gxh6+ Rxh6 33. Rxh6
Kxh6 34. b4 f5 35. a3 Kg7 36. Kd2 Kf6 37. Ne1 e4 38. Nc2 Ke5 39. Ne3 g5 40. Ba6
Bd7 41. Bb7 f4 42. gxf4+ gxf4 43. Nc4+ Kf5 44. Bd5 Be8 45. Bb7 Bf7 46. Bc8+ Kf6
47. Nb2 Ke5 48. Ba6 Bd8 49. Bc4 Bxc4 50. Nxc4+ Kd5 51. Nb2 Bh4 52. bxa5 bxa5
53. Ke2 f3+ 54. Ke1 Be7 55. a4 Bc5 56. Kf1 Ba3 57. Nd1 Kc4 58. Kg1 Kb3 0-1

[Event "36th Teams Ch-GR"]
[Site "Kallithea Halkidiki"]
[Date "2008.07.07"]
[Round "3.3"]
[White "Haritakis, Theodoros"]
[Black "Papadopoulos, Nikolaos"]
[Result "1-0"]
[WhiteElo "2276"]
[BlackElo "2109"]
[PlyCount "67"]
[EventDate "2008.07.06"]
[WhiteTeam "SO POLICHNIS"]
[BlackTeam "FO N. HERAKLIOU ATTIKIS"]

1. d4 Nf6 2. c4 g6 3. Nc3 Bg7 4. e4 d6 5. Nf3 O-O 6. Be2 e5 7. O-O Nbd7 8. Re1
exd4 9. Nxd4 Nc5 10. Bf1 Re8 11. f3 c6 12. Be3 Qc7 13. Qd2 Bd7 14. Rad1 Rad8
15. Qf2 Bc8 16. Nb3 b6 17. Nd4 a5 18. a3 Ncd7 19. Qh4 Bb7 20. Bg5 Ra8 21. Kh1
a4 22. Bh6 Bh8 23. Nf5 Re6 24. Qg5 Ne5 25. Nd4 Ree8 26. Nf5 Re6 27. Qd2 Ne8 28.
Nd4 Re7 29. Nc2 Bf6 30. Bg5 Bxg5 31. Qxg5 Ra5 32. Qh4 Bc8 33. Ne3 Be6 34. f4
1-0

[Event "36th Teams Ch-GR"]
[Site "Kallithea Halkidiki"]
[Date "2008.07.07"]
[Round "3.3"]
[White "Haratsidis, Vasilios"]
[Black "Pappelis, Dimitrios"]
[Result "1/2-1/2"]
[WhiteElo "2001"]
[BlackElo "1889"]
[PlyCount "111"]
[EventDate "2008.07.06"]
[WhiteTeam "SO POLICHNIS"]
[BlackTeam "FO N. HERAKLIOU ATTIKIS"]

1. d4 Nf6 2. Nf3 g6 3. c4 c5 4. Nc3 cxd4 5. Nxd4 Nc6 6. g3 Bg7 7. Nxc6 bxc6 8.
Bg2 O-O 9. O-O a5 10. Qc2 Ba6 11. Na4 Rb8 12. Bf4 Rb4 13. b3 Nh5 14. Bd2 Rxa4
15. bxa4 Bxa1 16. Rxa1 Qb6 17. c5 Qc7 18. Bf3 Ng7 19. Qc3 Ne6 20. Rb1 Rb8 21.
Rxb8+ Qxb8 22. Qxa5 Bc4 23. Bc3 Qb1+ 24. Kg2 f6 25. Qa8+ Kf7 26. Bd2 Qxa2 27.
Be3 Bxe2 28. Bxe2 Qxe2 29. Qh8 Qh5 30. h4 f5 31. Qe5 Qg4 32. a5 Qa4 33. h5 Qxa5
34. Qh8 gxh5 35. Qxh7+ Kf6 36. Qh8+ Kg6 37. Qh6+ Kf7 38. Qxh5+ Kf6 39. Qh6+ Ke5
40. Qh8+ Kd5 41. Qh5 Nxc5 42. Qxf5+ e5 43. g4 Qb4 44. Kh3 Ne6 45. g5 Qe4 46.
Qf7 Qh1+ 47. Kg3 d6 48. g6 Qh8 49. Qf3+ e4 50. Qd1+ Kc4 51. Qxd6 Qe8 52. g7
Qg6+ 53. Kh2 Qh7+ 54. Kg2 Qxg7+ 55. Kf1 Qa1+ 56. Kg2 1/2-1/2

[Event "36th Teams Ch-GR"]
[Site "Kallithea Halkidiki"]
[Date "2008.07.07"]
[Round "3.3"]
[White "Petsetidi, Maria"]
[Black "Barbageorgopoulou, Despina"]
[Result "0-1"]
[WhiteElo "1973"]
[BlackElo "1749"]
[PlyCount "70"]
[EventDate "2008.07.06"]
[WhiteTeam "FO N. HERAKLIOU ATTIKIS"]
[BlackTeam "SO POLICHNIS"]

1. e4 e5 2. Nf3 Nf6 3. d4 Nxe4 4. dxe5 Be7 5. Be3 O-O 6. c3 d5 7. Nbd2 Bg4 8.
h3 Bh5 9. g4 Bg6 10. Nd4 c5 11. Nf5 Nc6 12. Nf3 Bxf5 13. gxf5 d4 14. Qa4 Qb6
15. O-O-O dxc3 16. b3 Nb4 17. Rd7 Rfe8 18. Rg1 c2 19. Bc4 Nc3 20. Qa3 Qc6 21.
e6 Ncxa2+ 22. Kb2 Bf6+ 23. Nd4 Red8 24. Rxf7 cxd4 25. Rxf6 dxe3 26. e7+ Qxc4
27. exd8=Q+ Rxd8 28. bxc4 exf2 29. Qg3 fxg1=Q 30. Qxg1 c1=Q+ 31. Qxc1 Nxc1 32.
Re6 Ncd3+ 33. Kc3 Nc6 34. h4 Kf7 35. h5 Nf4 0-1

[Event "36th Teams Ch-GR"]
[Site "Kallithea Halkidiki"]
[Date "2008.07.07"]
[Round "3.4"]
[White "Siebrecht, Sebastian"]
[Black "Skalkotas, Nikolaos"]
[Result "1-0"]
[WhiteElo "2453"]
[BlackElo "2273"]
[PlyCount "83"]
[EventDate "2008.07.06"]
[WhiteTeam "SA THES/NIKIS O GALAXIAS"]
[BlackTeam "SO ILIOUPOLIS"]

1. d4 e6 2. c4 Bb4+ 3. Bd2 Bxd2+ 4. Nxd2 d5 5. g3 Nf6 6. Bg2 O-O 7. Ngf3 Nbd7
8. O-O c6 9. Qc2 b6 10. cxd5 cxd5 11. Rfc1 Bb7 12. e3 Qb8 13. a4 Rc8 14. Qb3
Rxc1+ 15. Rxc1 Qd6 16. a5 Rc8 17. Ra1 h6 18. Bf1 g5 19. Bb5 g4 20. Nh4 a6 21.
Bxd7 Nxd7 22. axb6 Nxb6 23. Qd1 h5 24. Nb3 Nd7 25. Rc1 Qb6 26. Rxc8+ Bxc8 27.
Qc2 Bb7 28. Qc3 Nf6 29. Nc5 Bc6 30. Ng2 Bb5 31. Nf4 Kf8 32. Qb4 Ke8 33. Nfd3
Qd8 34. Ne5 Qd6 35. Qa5 Ne4 36. Nxe4 dxe4 37. Qc3 Kf8 38. Qc8+ Be8 39. Kg2 f6
40. Ng6+ Kf7 41. Nf4 Bc6 42. Qh8 1-0